กฎหมายภาษีอากรและประมวลรัษฎากร : (ระเบียนเลขที่ 106728)
| 000 -LEADER | |
|---|---|
| fixed length control field | 04460 a2200289 4500 |
| 003 - CONTROL NUMBER IDENTIFIER | |
| control field | NALT |
| 005 - DATE AND TIME OF LATEST TRANSACTION | |
| control field | 20250616104139.0 |
| 008 - FIXED-LENGTH DATA ELEMENTS--GENERAL INFORMATION | |
| fixed length control field | 250613b th ||||| |||| 00| 0 tha d |
| 020 ## - INTERNATIONAL STANDARD BOOK NUMBER | |
| International Standard Book Number | 9786162605871 |
| 040 ## - CATALOGING SOURCE | |
| Original cataloging agency | NALT |
| 090 ## - LOCALLY ASSIGNED LC-TYPE CALL NUMBER (OCLC); LOCAL CALL NUMBER (RLIN) | |
| Classification number (OCLC) (R) ; Classification number, CALL (RLIN) (NR) | KI 11 |
| Local cutter number (OCLC) ; Book number/undivided call number, CALL (RLIN) | ก117 2567 |
| 245 00 - TITLE STATEMENT | |
| Title | กฎหมายภาษีอากรและประมวลรัษฎากร : |
| Remainder of title | พระราชบัญญัติจัดตั้งศาลภาษีอากร และวิธีพิจารณาคดีภาษีอากร พ.ศ. 2528 ข้อกำหนดคดีภาษีอากร พ.ศ. 2544 กฎกระทรวง พระราชกฤษฎีกาและคำสั่งกรมสรรพากร พร้อมพระราชบัญญัติภาษีการรับมรดก พ.ศ. 2558 พระราชกฤษฎีกา และกฎกระทรวงที่เกี่ยวข้อง / |
| Statement of responsibility, etc. | คณะวิชาการ The Justice Group. |
| 246 18 - VARYING FORM OF TITLE | |
| Title proper/short title | กฎหมายภาษีอากรและประมวลรัษฎากร แก้ไขเพิ่มเติมใหม่ล่าสุด พ.ศ.2567. |
| 250 ## - EDITION STATEMENT | |
| Edition statement | พิมพ์ครั้งที่ 1 แก้ไขเพิ่มเติมใหม่ล่าสุด พ.ศ. 2567. |
| 260 ## - PUBLICATION, DISTRIBUTION, ETC. | |
| Place of publication, distribution, etc. | กรุงเทพฯ : |
| Name of publisher, distributor, etc. | พิมพ์อักษร, |
| Date of publication, distribution, etc. | 2567. |
| 300 ## - PHYSICAL DESCRIPTION | |
| Extent | 538 หน้า : |
| Other physical details | ตาราง ; |
| Dimensions | 21 ซม. |
| 505 2# - FORMATTED CONTENTS NOTE | |
| Formatted contents note | พระราชบัญญัติให้ใช้บทบัญญัติแห่งประมวลรัษฎากร พุทธศักราช 2481 ประมวลรัษฎากร -- ลักษณะ 1 ข้อความเบื้องต้น -- ลักษณะ 2 ภาษีอากรฝ่ายสรรพากร -- หมวด 1 บทเบ็ดเสร็จทั่วไป -- หมวด 2 วิธีการเกี่ยวแก่ภาษีอากรประเมิน -- หมวด 3 ภาษีเงินได้ -- หมวด 4 ภาษีมูลค่าเพิ่ม -- หมวด 5 ภาษีธุรกิจเฉพาะ -- หมวด 6 อากรแสตมป์ -- บัญชีอัตราอากรแสตมป์ -- พระราชกฤษฎีกา -- กฎกระทรวง -- คำสั่งกรมสรรพากร -- พระราชบัญญัติจัดตั้งศาลภาษีอากรและวิธีพิจารณาคดีภาษีอากร พ.ศ. 2528 -- หมวด 1 ศาลภาษีอากร -- หมวด 2 ผู้พิพากษาในศาลภาษีอากร -- หมวด 3 วิธีพิจารณาคดีภาษีอากร -- หมวด 4 อุทธรณ์และฎีกา -- บทเฉพาะกาล -- ข้อกำหนดคดีภาษีอากร พ.ศ. 2544 -- หมวด 1 บททั่วไป -- หมวด 2 การยื่นคำฟ้อง คำให้การ คำให้การ และฟ้องแย้ง -- หมวด 3 การชี้สองสถานและการสืบพยาน -- หมวด 4 การมาศาลและการให้ความเห็นของผู้ทรงคุณวุฒิหรือผู้เชี่ยวชาญ -- หมวด 5 การพิพากษาและบังคับคดี -- หมวด 6 แบบพิมพ์ -- พระราชบัญญัติภาษีการรับมรดก พ.ศ. 2558 -- พระราชกฤฎีกา และกฎกระทรวงที่เกี่ยวข้อง. |
| 650 #4 - SUBJECT ADDED ENTRY--TOPICAL TERM | |
| Topical term or geographic name entry element | ภาษี |
| General subdivision | กฎหมายและระเบียบข้อบังคับ |
| 9 (RLIN) | 14501 |
| 650 #4 - SUBJECT ADDED ENTRY--TOPICAL TERM | |
| Topical term or geographic name entry element | อากร |
| General subdivision | กฎหมายและระเบียบข้อบังคับ |
| 9 (RLIN) | 53708 |
| 650 #4 - SUBJECT ADDED ENTRY--TOPICAL TERM | |
| Topical term or geographic name entry element | ศาลภาษีอากร |
| 9 (RLIN) | 51436 |
| 650 #4 - SUBJECT ADDED ENTRY--TOPICAL TERM | |
| Topical term or geographic name entry element | รัษฎากร |
| Geographic subdivision | ไทย |
| 9 (RLIN) | 14502 |
| 710 2# - ADDED ENTRY--CORPORATE NAME | |
| Corporate name or jurisdiction name as entry element | คณะวิชาการ The Justice Group |
| 9 (RLIN) | 30086 |
| 942 ## - ADDED ENTRY ELEMENTS (KOHA) | |
| Koha item type | Law Book |
| Source of classification or shelving scheme | Local Classification |
| 996 ## - STAFF PROCESSING RECORDS (NALT) | |
| Staff name | jidapa.t |
| Staff type | LIBSTF |
| Acquisition or Cataloging date | 2025-06-13 |
| 996 ## - STAFF PROCESSING RECORDS (NALT) | |
| Staff name | varee.k |
| Staff type | LIBSTF |
| Acquisition or Cataloging date | 2025-06-13 |
| 996 ## - STAFF PROCESSING RECORDS (NALT) | |
| Staff name | saiphon.d |
| Staff type | CATSTF |
| Acquisition or Cataloging date | 2025-06-16 |
| 998 ## - STAFF NAME (NALT) | |
| -- | 104 |
| -- | นางสาวสายฝน ดีงาม |
| Withdrawn status | Lost status | Source of classification or shelving scheme | Damaged status | Not for loan | Collection code | Home library | Current library | Shelving location | Date acquired | Source of acquisition | Total Checkouts | Full call number | Barcode | Date last seen | Price effective from | Koha item type |
|---|---|---|---|---|---|---|---|---|---|---|---|---|---|---|---|---|
| Local Classification | Law Book collection | National Assembly Library of Thailand | National Assembly Library of Thailand | Law Book shelves | 05/06/2025 | 192 | KI 11 ก117 2567 | 3961215248 | 05/06/2025 | 05/06/2025 | Law Book |
